| 000 | 00803nam a22002415a 4500 | ||
|---|---|---|---|
| 008 | 150818t2010 ii a frb 001 0 eng d | ||
| 020 | _a9788120335264 | ||
| 040 |
_aEG-ScBUE _beng _cEG-ScBUE _dEG-ScBUE |
||
| 082 | 0 | 4 |
_a621.8 _bJAI _222 |
| 100 |
_aJain, K. C. _938920 |
||
| 245 | 1 | 0 |
_aTextbook of production engineering / _cK. C. Jain, A. K. Chitale. |
| 250 | _aEastern economy ed. | ||
| 260 |
_aNew Delhi : _bPHI Learning Private Limited , _cc.2010. |
||
| 300 |
_axx, 776 p. : _bill. ; _c24 cm. |
||
| 500 | _aIndex : p. 771-776. | ||
| 504 | _aBibliography : p. 763-770. | ||
| 650 | 0 |
_aMechanical engineering. _2BUEsh |
|
| 650 | 0 |
_aProduction engineering. _2BUEsh |
|
| 651 | _2BUEsh | ||
| 653 |
_bENGGEN _bENGMEC _cAugust2015 _cDecember2015 |
||
| 700 | 1 | _aChitale, A. K. | |
| 942 |
_2ddc _k621.8 JAI |
||
| 999 |
_c20599 _d20571 |
||